000 00760nam a22001817a 4500
999 _c20418
_d20418
003 OSt
005 20240814131025.0
008 240814b ||||| |||| 00| 0 eng d
040 _c0
082 _aDPer 507 J826 September 2019 - June 2020 v.49 n. 1-5
100 _aTaylor, Amy R.
_eauthor.
_957637
245 _aIsland ecology for educators:
_ban interdisciplinary course bridging science and education through interactive community partnerships /
_cAmy R. Taylor and Dennis Kubasko, Jr.
260 _aArlington USA;
_bNational Science Teaching Association,
_cSeptember/October 2019.
300 _avolume 49, pages 24-30,
_billustration.
700 _aTaylor, Amy R.
_eauthor.
_957637
700 _aKubasko Jr., Dennis.
_eauthor.
_957638
942 _2ddc
_cPER